[Event "Thessaloniki Aris CC Summer op 1st"]
[Site "Thessaloniki"]
[Date "2023.06.17"]
[Round "4"]
[White "Stamatiadis, Georgios"]
[Black "Balafoutas, Alexandros"]
[Result "0-1"]
[WhiteElo "1595"]
[BlackElo "1239"]
[PlyCount "130"]
[EventDate "2023.06.16"]
[EventType "swiss"]
[EventRounds "7"]
[EventCountry "GRE"]
[SourceTitle "EXT 2024"]
[Source "ChessBase"]
[SourceDate "2023.10.10"]
[SourceVersion "1"]
[SourceVersionDate "2023.10.10"]
[SourceQuality "1"]

1. d4 Nf6 2. c4 e6 3. g3 d5 4. Bg2 Be7 5. Nf3 0-0 6. 0-0 c6 7. Qc2 b6 8. Bf4 Bb7 9. Rd1 Nbd7 10. Nbd2 c5 11. dxc5 Bxc5 12. h3 Rc8 13. Qb3 dxc4 14. Nxc4 Ne4 15. e3 Bd5 16. Rac1 Bd6 17. Qd3 Bxf4 18. exf4 Qe7 19. Ne3 Nef6 20. Nxd5 Nxd5 21. Ng5 N5f6 22. Rxc8 Rxc8 23. Nxh7 Nxh7 24. Qxd7 Qxd7 25. Rd4 Qd6 26. Rxd6 a5 27. Rd7 Rc4 28. Rb7 Rc1+ 29. Bf1 Rc6 30. Bd3 g6 31. Kf1 Nf6 32. Rb8+ Kg7 33. Ke2 Nd7 34. Rd8 Nc5 35. Bb5 Nb7 36. Bxc6 Nxd8 37. Be4 Kf6 38. g4 Ke7 39. f5 exf5 40. gxf5 g5 41. f4 f6 42. fxg5 fxg5 43. Kf3 Kf6 44. a4 Nf7 45. Bd5 Nd6 46. Kg4 Nxf5 47. Be4 Ne3+ 48. Kf3 Nc4 49. b3 Nd2+ 50. Ke3 Nxb3 51. Bc6 Ke5 52. Bd7 Nc5 53. Bb5 Ne6 54. Kf2 Kf4 55. Bd7 Nc5 56. Bb5 Ne4+ 57. Kg2 g4 58. hxg4 Kxg4 59. Kf1 Kf3 60. Bc6 Ke3 61. Ke1 Kd3 62. Kd1 Nc5 63. Kc1 Kc3 64. Kb1 Kb4 65. Kb2 Nxa4+ 0-1

[Event "GRE-chT 49th"]
[Site "Thessaloniki"]
[Date "2022.08.17"]
[Round "7.8"]
[White "Koutsoukis, Georgios A"]
[Black "Balafoutas, Alexandros"]
[Result "0-1"]
[WhiteElo "1172"]
[BlackElo "1291"]
[PlyCount "44"]
[EventDate "2022.08.12"]
[EventType "team-swiss"]
[EventRounds "7"]
[EventCountry "GRE"]
[SourceTitle "CBM 209 Extra"]
[Source "ChessBase"]
[SourceDate "2022.09.30"]
[SourceVersion "1"]
[SourceVersionDate "2022.09.30"]
[SourceQuality "1"]
[WhiteTeam "Treis Asteres"]
[BlackTeam "Thessaloniki Aris"]
[WhiteTeamCountry "GRE"]
[BlackTeamCountry "GRE"]

1. d4 d5 2. c4 e6 3. Nc3 Be7 4. Nf3 Nf6 5. Bg5 0-0 6. e3 h6 7. Bh4 b6 8. Bd3 Bb7 9. 0-0 Nbd7 10. Rc1 c5 11. b3 Ne4 12. Bxe7 Qxe7 13. h3 Rac8 14. Qc2 f5 15. Nd2 Qg5 16. Nb5 a6 17. Bxe4 fxe4 18. Nc3 cxd4 19. exd4 e3 20. Nf3 Rxf3 21. Kh1 Rxf2 22. Qd3 Qxg2# 0-1

[Event "GRE-chT 49th"]
[Site "Thessaloniki"]
[Date "2022.08.15"]
[Round "5.9"]
[White "Balafoutas, Alexandros"]
[Black "Benardis, Georgios"]
[Result "1-0"]
[WhiteElo "1291"]
[BlackElo "1002"]
[PlyCount "33"]
[EventDate "2022.08.12"]
[EventType "team-swiss"]
[EventRounds "7"]
[EventCountry "GRE"]
[SourceTitle "CBM 209 Extra"]
[Source "ChessBase"]
[SourceDate "2022.09.30"]
[SourceVersion "1"]
[SourceVersionDate "2022.09.30"]
[SourceQuality "1"]
[WhiteTeam "Thessaloniki Aris"]
[BlackTeam "Zeenon Glyfathas"]
[WhiteTeamCountry "GRE"]
[BlackTeamCountry "GRE"]

1. e4 c5 2. Nf3 e6 3. d4 cxd4 4. Nxd4 Bc5 5. Nc3 Qb6 6. Na4 Qa5+ 7. c3 e5 8. Nxc5 Qxc5 9. Nf5 g6 10. Nd6+ Ke7 11. Nxc8+ Qxc8 12. Qd5 d6 13. Bc4 Qe8 14. Bg5+ Nf6 15. Rd1 Nbd7 16. Qxd6+ Kd8 17. Bxf6+ 1-0

[Event "GRE-chT 49th"]
[Site "Thessaloniki"]
[Date "2022.08.13"]
[Round "3.9"]
[White "Moustakas, Vasileios D"]
[Black "Balafoutas, Alexandros"]
[Result "1/2-1/2"]
[WhiteElo "1065"]
[BlackElo "1291"]
[PlyCount "83"]
[EventDate "2022.08.12"]
[EventType "team-swiss"]
[EventRounds "7"]
[EventCountry "GRE"]
[SourceTitle "CBM 209 Extra"]
[Source "ChessBase"]
[SourceDate "2022.09.30"]
[SourceVersion "1"]
[SourceVersionDate "2022.09.30"]
[SourceQuality "1"]
[WhiteTeam "Poleyeroe Aso"]
[BlackTeam "Thessaloniki Aris"]
[WhiteTeamCountry "GRE"]
[BlackTeamCountry "GRE"]

1. d4 d5 2. c4 e6 3. Nc3 Be7 4. cxd5 exd5 5. e3 Nf6 6. Bd3 0-0 7. Nge2 b6 8. 0-0 Bb7 9. b3 Nbd7 10. Bb2 Ne4 11. Qc2 Ndf6 12. Nc1 Rc8 13. Bxe4 Nxe4 14. Nxe4 dxe4 15. Ne2 c5 16. dxc5 Rxc5 17. Nc3 Bf6 18. Rac1 Bxc3 19. Bxc3 Qg5 20. Qb2 Ba6 21. Rfd1 Rfc8 22. Bd4 Rxc1 23. Rxc1 Rxc1+ 24. Qxc1 Qa5 25. h3 h6 26. Qa1 f6 27. Bxf6 gxf6 28. Qxf6 Bd3 29. Qg6+ Kf8 30. Qxh6+ Ke8 31. Qg6+ Ke7 32. Qg7+ Ke8 33. Qg8+ Ke7 34. Qg7+ Ke8 35. Qg6+ Ke7 36. h4 Qe1+ 37. Kh2 Qxf2 38. h5 Qh4+ 39. Kg1 Qe1+ 40. Kh2 Qh4+ 41. Kg1 Qe1+ 42. Kh2 1/2-1/2

[Event "GRE-chT2 48th"]
[Site "Thessaloniki"]
[Date "2021.10.06"]
[Round "3.4"]
[White "Vardaka, Styliani"]
[Black "Balafoutas, Alexandros"]
[Result "0-1"]
[WhiteElo "1090"]
[BlackElo "1224"]
[PlyCount "154"]
[EventDate "2021.10.05"]
[EventType "team-swiss"]
[EventRounds "7"]
[EventCountry "GRE"]
[SourceTitle "CBM 204 Extra"]
[Source "ChessBase"]
[SourceDate "2021.11.30"]
[SourceVersion "1"]
[SourceVersionDate "2021.11.30"]
[SourceQuality "1"]
[WhiteTeam "Katerinis"]
[BlackTeam "Thessaloniki Aris"]
[WhiteTeamCountry "GRE"]
[BlackTeamCountry "GRE"]

1. e4 c5 2. Nf3 d6 3. d4 cxd4 4. Nxd4 Nf6 5. Nc3 Nc6 6. Nb3 e5 7. f3 Be6 8. Be3 Be7 9. Qd2 0-0 10. 0-0-0 a5 11. Kb1 a4 12. Nc1 a3 13. b3 Nb4 14. g4 Qa5 15. h4 d5 16. exd5 Nfxd5 17. Nxd5 Nxd5 18. Qxa5 Rxa5 19. Bd2 Raa8 20. Nd3 f6 21. Nf2 Rac8 22. Bc4 Bf7 23. Rhe1 Nb4 24. Bxf7+ Kxf7 25. Bxb4 Bxb4 26. Rd7+ Kg8 27. Re4 Bc5 28. Nd3 b6 29. Nxc5 Rxc5 30. Ra4 Rfc8 31. Rd2 Rc3 32. Rf2 Re3 33. Rxa3 Rcc3 34. Ra8+ Kf7 35. Ra7+ Kg6 36. f4 exf4 37. Rxf4 Re2 38. a4 Rcxc2 39. Rf3 Rcd2 40. Rc7 Rd4 41. Rg3 h6 42. h5+ Kh7 43. Rc2 Ree4 44. Rcg2 Kg8 45. Kb2 Kf7 46. Ka3 Ke6 47. Kb2 Ke5 48. Ka2 Kf4 49. Ka3 Kg5 50. Rg1 Rxg4 51. Rxg4+ Rxg4 52. Rxg4+ Kxg4 53. b4 f5 54. a5 bxa5 55. bxa5 f4 56. a6 f3 57. a7 f2 58. a8Q f1Q 59. Qe4+ Kxh5 60. Qe8+ g6 61. Qe5+ g5 62. Qh2+ Kg6 63. Qd6+ Qf6 64. Qd3+ Kf7 65. Qd5+ Qe6 66. Qf3+ Ke8 67. Qa8+ Kf7 68. Qf3+ Kg6 69. Qd3+ Kh5 70. Qf3+ g4 71. Qh1+ Kg6 72. Qb1+ Qf5 73. Qb6+ Kh5 74. Kb2 g3 75. Qg1 Qf2+ 76. Qxf2 gxf2 77. Kc2 f1Q 0-1

[Event "GRE-ch Online Rapid op 1st"]
[Site "Tornelo INT"]
[Date "2021.02.06"]
[Round "2"]
[White "Papidakis, Georgios"]
[Black "Balafoutas, Alexandros"]
[Result "1-0"]
[WhiteElo "1669"]
[BlackElo "1162"]
[PlyCount "55"]
[EventDate "2021.02.06"]
[EventType "swiss (rapid)"]
[EventRounds "8"]
[EventCountry "GRE"]
[SourceTitle "EXT 2023"]
[Source "ChessBase"]
[SourceDate "2022.10.05"]
[SourceVersion "1"]
[SourceVersionDate "2022.10.05"]
[SourceQuality "1"]

1. Nf3 d5 2. g3 Nf6 3. Bg2 Nc6 4. d4 Bf5 5. a3 e6 6. 0-0 Be7 7. c4 dxc4 8. Qa4 0-0 9. Qxc4 Na5 10. Qa4 c5 11. dxc5 Bxc5 12. b4 Bd4 13. Nxd4 Qxd4 14. Ra2 Nc4 15. Nd2 Nxd2 16. Rxd2 Qb6 17. Bb2 Ne4 18. Rd4 Nd6 19. Rfd1 Nb5 20. Rd7 Rab8 21. Rc1 e5 22. Rd5 f6 23. Qxb5 Qe6 24. Rxe5 fxe5 25. Bd5 Qxd5 26. Qxd5+ Kh8 27. Qxe5 Bg4 28. Qxg7# 1-0

[Event "Thessaloniki White Tower op-C 41th"]
[Site "Thessaloniki"]
[Date "2019.01.02"]
[Round "1.6"]
[White "Sioutopoulos, Christos"]
[Black "Balafoutas, Alexandros"]
[Result "0-1"]
[WhiteElo "1235"]
[BlackElo "881"]
[PlyCount "76"]
[EventDate "2019.01.02"]
[EventType "swiss"]
[EventRounds "6"]
[EventCountry "GRE"]
[SourceTitle "EXT 2024"]
[Source "ChessBase"]
[SourceDate "2023.10.10"]
[SourceVersion "1"]
[SourceVersionDate "2023.10.10"]
[SourceQuality "1"]

1. Nf3 Nf6 2. c4 Nc6 3. d4 d5 4. Nc3 e6 5. Bg5 Be7 6. e3 0-0 7. Bd3 h6 8. Bh4 Nb4 9. 0-0 Bd6 10. a3 Nc6 11. cxd5 exd5 12. Bxf6 Qxf6 13. Nxd5 Qd8 14. Nc3 Bg4 15. Be2 Qf6 16. b4 Qg6 17. h3 Bxh3 18. Ne1 Qg5 19. Ne4 Qg6 20. Nxd6 cxd6 21. Bd3 Qg5 22. Qf3 Bd7 23. Qe4 g6 24. Nf3 Qf6 25. Rfc1 Kg7 26. Bb5 a6 27. Be2 Rfe8 28. Qb1 Bg4 29. b5 axb5 30. Qxb5 Na5 31. Nd2 Bxe2 32. Qxe2 Qxd4 33. Nf3 Qf6 34. Rab1 Kg8 35. Qd2 Qe6 36. Nd4 Qe4 37. Nb5 Nc4 38. Rxc4 Qxb1+ 0-1